000
00216 a2200097 4500
001
19702
100
_a
Burr, A A
245
_a
Measurements in applied physics
260
_a
_b
Chapman & Hall
_c
090
_c
14349
_d
14349
942
_a
NUST-CAE
_c
M
_c
4835
999
_c
254775
_d
254775